000 00263nam a2200109Ia 4500
008 190907s9999||||xx |||||||||||||| ||und||
100 _aDamacek
245 0 _aIntroduction to Discrete Mathematics
260 _aUSA
_bEducation InC
_c1998
300 _a690
942 _cBK
999 _c6530
_d6530